| 000 | 00525nam a22001817a 4500 | ||
|---|---|---|---|
| 999 |
_c12044 _d12044 |
||
| 005 | 20190420191451.0 | ||
| 008 | 181215c2018 ru ||||| |||| 00| 0 rus d | ||
| 022 | _a0002-1881 | ||
| 040 | _c | ||
| 041 | _arus | ||
| 245 |
_aАгрохимия : _b2018 / _c ред. В.Н. Кудеяров. |
||
| 260 |
_aМосква, _c2018, |
||
| 300 | _av. | ||
| 653 | _aაგრონომია | ||
| 653 | _aპერიოდიკა | ||
| 700 |
_a Кудеяров, В.Н. _eრედაქტორი _928 |
||
| 942 |
_2udc _cCR |
||